[Event "Belgrade-chT"]
[Site "Belgrade"]
[Date "2014.11.04"]
[Round "12"]
[White "Simic, Milan M"]
[Black "Tomic, Kosta"]
[Result "1/2-1/2"]
[WhiteElo "2112"]
[BlackElo "2063"]
[PlyCount "21"]
[EventDate "2014.10.04"]
[EventType "team-tourn"]
[EventRounds "13"]
[EventCountry "SRB"]
[SourceTitle "EXT 2015"]
[Source "ChessBase"]
[SourceDate "2014.11.20"]
[SourceVersion "1"]
[SourceVersionDate "2014.11.20"]
[SourceQuality "1"]

1. d4 Nf6 2. Nf3 c5 3. e3 g6 4. c3 cxd4 5. exd4 Bg7 6. Bd3 d5 7. 0-0 0-0 8. Qe2 Nc6 9. h3 Qc7 10. Re1 Nd7 11. Qd1 1/2-1/2

[Event "Belgrade-chT"]
[Site "Belgrade"]
[Date "2014.11.03"]
[Round "11"]
[White "Gemovic, Djordje"]
[Black "Tomic, Kosta"]
[Result "0-1"]
[WhiteElo "1702"]
[BlackElo "2063"]
[PlyCount "80"]
[EventDate "2014.10.04"]
[EventType "team-tourn"]
[EventRounds "13"]
[EventCountry "SRB"]
[SourceTitle "EXT 2015"]
[Source "ChessBase"]
[SourceDate "2014.11.20"]
[SourceVersion "1"]
[SourceVersionDate "2014.11.20"]
[SourceQuality "1"]

1. d4 Nf6 2. c4 c5 3. Nf3 g6 4. Qc2 cxd4 5. Nxd4 Bg7 6. Nc3 d6 7. Bg5 Nc6 8. Nf3 0-0 9. e3 Qa5 10. Bh4 Bf5 11. Qb3 Ne4 12. Rc1 Nxc3 13. bxc3 Rac8 14. Be2 Rfe8 15. 0-0 Qc7 16. Nd4 Na5 17. Qb4 Bd7 18. Bf3 h6 19. Bg3 Nxc4 20. Rfd1 Na5 21. h4 h5 22. Be2 Qc5 23. Qb1 Rc7 24. Nb5 Bxb5 25. Bxb5 Rd8 26. c4 Rcc8 27. Qe4 Qc7 28. f4 e6 29. Be1 Qb6 30. Qd3 a6 31. Ba4 Nc6 32. Bc3 Bxc3 33. Qxc3 Qc7 34. Qf6 Qe7 35. Qb2 Qc7 36. e4 Na5 37. Rd4 e5 38. fxe5 dxe5 39. Rxd8+ Rxd8 40. Qb4 b6 0-1

[Event "Belgrade City-chT"]
[Site "Belgrade"]
[Date "2013.11.12"]
[Round "8"]
[White "Tomic, Kosta"]
[Black "Jandric, Damjan"]
[Result "1/2-1/2"]
[WhiteElo "2054"]
[BlackElo "2053"]
[PlyCount "42"]
[EventDate "2013.10.26"]
[EventType "team-tourn"]
[EventRounds "11"]
[EventCountry "SRB"]
[SourceTitle "EXT 2015"]
[Source "ChessBase"]
[SourceDate "2014.11.20"]
[SourceVersion "1"]
[SourceVersionDate "2014.11.20"]
[SourceQuality "1"]

1. e4 c5 2. Nf3 d6 3. d4 cxd4 4. Nxd4 Nf6 5. Nc3 a6 6. Be2 e5 7. Nb3 Be7 8. 0-0 0-0 9. f4 Nc6 10. Be3 exf4 11. Bxf4 Ne5 12. Qd4 Qc7 13. Rad1 Be6 14. Kh1 Rac8 15. Qf2 Rfd8 16. Nd4 Ng6 17. Be3 Rf8 18. Qg3 Rfe8 19. Bg5 Rcd8 20. h4 Qc5 21. Nf5 Bxf5 1/2-1/2

[Event "Belgrade-chT Quality"]
[Site "Belgrade"]
[Date "2011.10.16"]
[Round "2"]
[White "Mladenovic, Aleksandar"]
[Black "Tomic, Kosta"]
[Result "1-0"]
[WhiteElo "1889"]
[BlackElo "2088"]
[PlyCount "57"]
[EventDate "2011.10.15"]
[EventType "team-swiss"]
[EventRounds "11"]
[EventCountry "SRB"]
[SourceTitle "EXT 2012"]
[Source "ChessBase"]
[SourceDate "2011.11.24"]
[SourceVersion "1"]
[SourceVersionDate "2011.11.24"]
[SourceQuality "1"]

1. d4 Nf6 2. c4 c5 3. d5 b5 4. cxb5 a6 5. b6 d6 6. Nc3 Qxb6 7. e4 g6 8. Nf3 Bg7 9. Be2 0-0 10. 0-0 Bg4 11. Nd2 Bxe2 12. Qxe2 Nfd7 13. Nc4 Qc7 14. Bg5 Re8 15. f4 Nb6 16. Nxb6 Qxb6 17. e5 a5 18. Rae1 dxe5 19. fxe5 Nd7 20. Na4 Qb4 21. e6 Nf6 22. exf7+ Kxf7 23. Qe6+ Kf8 24. d6 Qd4+ 25. Kh1 exd6 26. Bxf6 Bxf6 27. Rxf6+ Kg7 28. Rf7+ Kg8 29. Re7+ 1-0

[Event "Belgrade tt Cup"]
[Site "Belgrade"]
[Date "2011.04.14"]
[Round "2"]
[White "Tomic, Kosta"]
[Black "Milicevic, Aleksa"]
[Result "1/2-1/2"]
[WhiteElo "2069"]
[BlackElo "2225"]
[PlyCount "59"]
[EventDate "2011.04.13"]
[EventType "team-tourn"]
[EventRounds "5"]
[EventCountry "SRB"]
[SourceTitle "CBM 141 Extra"]
[Source "ChessBase"]
[SourceDate "2011.05.03"]
[SourceVersion "1"]
[SourceVersionDate "2011.05.03"]
[SourceQuality "1"]

1. e4 c6 2. d4 d5 3. Nc3 dxe4 4. Nxe4 Nd7 5. Bc4 Ngf6 6. Ng5 e6 7. Ne2 Nb6 8. Bb3 h6 9. Nf3 Bd6 10. 0-0 0-0 11. c3 Qc7 12. h3 Bd7 13. c4 c5 14. dxc5 Bxc5 15. Bf4 Qd8 16. Qc2 Bc6 17. Rad1 Qe7 18. Ne5 Be4 19. Qc1 Rad8 20. a3 Rxd1 21. Rxd1 Rd8 22. Ba2 a6 23. Nc3 Bh7 24. Be3 Rxd1+ 25. Nxd1 Qc7 26. Bxc5 Qxc5 27. Qe3 Qxe3 28. Nxe3 Na4 29. b4 Nc3 30. Bb3 1/2-1/2

[Event "SRB-chT quality"]
[Site "Belgrade"]
[Date "2010.10.23"]
[Round "5"]
[White "Tomic, Kosta"]
[Black "Milosavljevic, Dusan"]
[Result "0-1"]
[WhiteElo "2093"]
[BlackElo "2115"]
[PlyCount "74"]
[EventDate "2010.10.09"]
[EventType "team-tourn"]
[EventRounds "11"]
[EventCountry "YUG"]
[SourceTitle "EXT 2011"]
[Source "ChessBase"]
[SourceDate "2010.11.26"]
[SourceVersion "1"]
[SourceVersionDate "2010.11.26"]
[SourceQuality "1"]

1. e4 e6 2. d4 d5 3. exd5 Qxd5 4. Nf3 b6 5. Nc3 Bb4 6. Bd3 Nf6 7. 0-0 Bxc3 8. bxc3 0-0 9. Re1 Nbd7 10. Bg5 Bb7 11. Qe2 c5 12. a4 Rfc8 13. c4 Qd6 14. dxc5 Rxc5 15. Bh4 Qc6 16. Qf1 e5 17. Nd2 Ra5 18. Ne4 Nxe4 19. Bxe4 Qc7 20. Bd3 Nc5 21. f3 Rxa4 22. Rad1 f6 23. Bf2 Rc8 24. Kh1 g6 25. Be3 Qf7 26. Ra1 Rxa1 27. Rxa1 Ba8 28. Qb1 Ne6 29. Qa2 Bb7 30. c5 bxc5 31. Bc4 Rc6 32. Qxa7 Kg7 33. Rb1 Ba6 34. Bh6+ Kg8 35. Rb8+ Rc8 36. Bxa6 Qxa7 37. Rxc8+ Kf7 0-1

[Event "SRB-chT quality"]
[Site "Belgrade"]
[Date "2010.10.10"]
[Round "2"]
[White "Tisma, Vladimir"]
[Black "Tomic, Kosta"]
[Result "1/2-1/2"]
[WhiteElo "1996"]
[BlackElo "2093"]
[PlyCount "73"]
[EventDate "2010.10.09"]
[EventType "team-tourn"]
[EventRounds "11"]
[EventCountry "YUG"]
[SourceTitle "EXT 2011"]
[Source "ChessBase"]
[SourceDate "2010.11.26"]
[SourceVersion "1"]
[SourceVersionDate "2010.11.26"]
[SourceQuality "1"]

1. e4 e5 2. Nf3 Nc6 3. Bb5 a6 4. Ba4 Nf6 5. d3 b5 6. Bb3 Bc5 7. 0-0 h6 8. c3 d6 9. Nbd2 Bg4 10. h3 Bh5 11. Re1 0-0 12. Nf1 a5 13. g4 Nxg4 14. hxg4 Bxg4 15. N1h2 Bh5 16. Bd5 Ra6 17. Be3 Ne7 18. Bxc5 dxc5 19. Qd2 a4 20. a3 Ng6 21. d4 c4 22. dxe5 c6 23. Rad1 cxd5 24. exd5 Nh4 25. Nxh4 Qxh4 26. d6 Bxd1 27. Qxd1 Raa8 28. Qd5 Rab8 29. Nf3 Qg4+ 30. Kh2 Qf5 31. Re2 Kh8 32. Qe4 Qh5+ 33. Kg1 Rfe8 34. Nd4 Rb6 35. Qf4 Qg6+ 36. Kh2 Qh5+ 37. Kg1 1/2-1/2

[Event "Belgrade-chT Quality"]
[Site "Belgrade"]
[Date "2009.10.28"]
[Round "6"]
[White "Dinic, Goran"]
[Black "Tomic, Kosta"]
[Result "1/2-1/2"]
[WhiteElo "2194"]
[BlackElo "2116"]
[PlyCount "30"]
[EventDate "2009.10.11"]
[EventType "team-tourn"]
[EventRounds "11"]
[EventCountry "YUG"]
[SourceTitle "CBM 133 Extra"]
[Source "ChessBase"]
[SourceDate "2010.01.05"]
[SourceVersion "1"]
[SourceVersionDate "2010.01.05"]
[SourceQuality "1"]

1. Nf3 Nf6 2. c4 g6 3. g3 Bg7 4. Bg2 0-0 5. 0-0 d5 6. d4 c5 7. cxd5 cxd4 8. Nxd4 Nxd5 9. Nb5 a6 10. N5c3 Nxc3 11. Nxc3 Nc6 12. Qa4 Be6 13. Rd1 Qc7 14. Bf4 Qb6 15. Rab1 Rad8 1/2-1/2

[Event "Belgrade-chT Quality"]
[Site "Belgrade"]
[Date "2008.11.11"]
[Round "10"]
[White "Tomic, Kosta"]
[Black "Arandjelovic, Dragoljub"]
[Result "1-0"]
[WhiteElo "2106"]
[BlackElo "2100"]
[PlyCount "105"]
[EventDate "2008.11.01"]
[EventType "team-swiss"]
[EventRounds "11"]
[EventCountry "YUG"]
[SourceTitle "CBM 127 Extra"]
[Source "ChessBase"]
[SourceDate "2009.01.08"]
[SourceVersion "2"]
[SourceVersionDate "2009.01.28"]
[SourceQuality "1"]

1. e4 c5 2. Nf3 d6 3. d4 cxd4 4. Nxd4 Nc6 5. Nc3 Nf6 6. Be2 g6 7. 0-0 Bg7 8. Be3 0-0 9. f4 h5 10. f5 d5 11. fxg6 fxg6 12. exd5 Nxd5 13. Rxf8+ Bxf8 14. Bc4 e6 15. Bf2 Ne5 16. Nxe6 Bxe6 17. Bxd5 Bxd5 18. Qxd5+ Qxd5 19. Nxd5 Rc8 20. c3 b6 21. Rd1 Kf7 22. b3 Rd8 23. c4 Rd7 24. Bd4 Bc5 25. Rf1+ Kg7 26. Bxc5 bxc5 27. Re1 Nd3 28. Re6 a5 29. Ra6 Nb4 30. Rxa5 Nxd5 31. cxd5 Rxd5 32. h3 Kf6 33. Kh2 Ke5 34. Rb5 Kd4 35. a4 Rd6 36. h4 Rc6 37. a5 Ra6 38. Kg3 Kd5 39. b4 Kc4 40. Rxc5+ Kxb4 41. Re5 Rf6 42. Kh3 Kc4 43. Rg5 Kd4 44. g4 Ke4 45. gxh5 gxh5 46. Rxh5 Kf4 47. Rb5 Rc6 48. h5 Rc3+ 49. Kg2 Rc6 50. Kf2 Rf6 51. Rb6 Rf5 52. a6 Rxh5 53. Rb4+ 1-0

[Event "Belgrade-chT Quality"]
[Site "Belgrade"]
[Date "2008.11.01"]
[Round "1"]
[White "Milin, Dragan"]
[Black "Tomic, Kosta"]
[Result "1/2-1/2"]
[WhiteElo "2116"]
[BlackElo "2106"]
[PlyCount "91"]
[EventDate "2008.11.01"]
[EventType "team-swiss"]
[EventRounds "11"]
[EventCountry "YUG"]
[SourceTitle "CBM 127 Extra"]
[Source "ChessBase"]
[SourceDate "2009.01.08"]
[SourceVersion "2"]
[SourceVersionDate "2009.01.28"]
[SourceQuality "1"]

1. d4 Nf6 2. c4 c5 3. Nc3 cxd4 4. Qxd4 Nc6 5. Qd2 g6 6. e4 d6 7. f3 Bg7 8. b3 0-0 9. Bb2 Qa5 10. Rd1 Be6 11. Bd3 Nd7 12. Nge2 f5 13. 0-0 f4 14. Nd5 Qxd2 15. Rxd2 Bxd5 16. Bxg7 Kxg7 17. exd5 Nce5 18. Bc2 Rac8 19. a4 a6 20. a5 Rf6 21. Rd4 g5 22. Nc3 h6 23. Ne4 Rff8 24. Rc1 Nc5 25. Nf2 Rc7 26. b4 Ncd7 27. Bb3 Rfc8 28. Ne4 Nf6 29. Nd2 Nfd7 30. Kf2 Nf6 31. Ba2 Nfd7 32. Bb1 b5 33. axb6 Nxb6 34. Bf5 Nbd7 35. Ra1 Rb8 36. g3 fxg3+ 37. hxg3 Rxb4 38. f4 Nf7 39. Rxa6 Nc5 40. Ra3 Rb2 41. Re3 Rcb7 42. Kf3 Nb3 43. Nxb3 R2xb3 44. Bd3 gxf4 45. gxf4 h5 46. Re1 1/2-1/2